<?xml version="1.0" encoding="UTF-8"?>
<record
    xmlns:xsi="http://www.w3.org/2001/XMLSchema-instance"
    xsi:schemaLocation="http://www.loc.gov/MARC21/slim http://www.loc.gov/standards/marcxml/schema/MARC21slim.xsd"
    xmlns="http://www.loc.gov/MARC21/slim">

  <leader>01207nam a2200277 i 4500</leader>
  <controlfield tag="001">186523</controlfield>
  <controlfield tag="003">SpMaBN</controlfield>
  <controlfield tag="005">20230906222704.0</controlfield>
  <controlfield tag="008">161122s2009    sp abo   c   |||| | spa d</controlfield>
  <datafield tag="020" ind1=" " ind2=" ">
    <subfield code="a">978-84-613-7173-0</subfield>
  </datafield>
  <datafield tag="080" ind1=" " ind2=" ">
    <subfield code="a">913(569.44 J.)(084.12)(083.824)</subfield>
  </datafield>
  <datafield tag="080" ind1=" " ind2=" ">
    <subfield code="a">391(569.4)"19"(083.824)</subfield>
  </datafield>
  <datafield tag="245" ind1="0" ind2="0">
    <subfield code="a">Jerusal&#xE9;n : </subfield>
    <subfield code="b">[a principios del siglo XX, patrimonio y cultura] : [exposici&#xF3;n] / </subfield>
    <subfield code="c">[traducciones, Catalina Mart&#xED;nez].</subfield>
  </datafield>
  <datafield tag="260" ind1=" " ind2=" ">
    <subfield code="a">Madrid : </subfield>
    <subfield code="b">Casa &#xC1;rabe-IEAM, </subfield>
    <subfield code="c">[2009]</subfield>
  </datafield>
  <datafield tag="300" ind1=" " ind2=" ">
    <subfield code="a">2 v. : </subfield>
    <subfield code="b">il., fot. col. y n., 1 mapa ; </subfield>
    <subfield code="c">21 x 21 cm.</subfield>
  </datafield>
  <datafield tag="505" ind1="8" ind2=" ">
    <subfield code="a">Contiene: [1]. El vestido tradicional: patrimonio etnogr&#xE1;fico y cultural de Palestina (23 p.) - [2]. Fotograf&#xED;a antigua en Jerusal&#xE9;n (63 p.)</subfield>
  </datafield>
  <datafield tag="650" ind1=" " ind2="4">
    <subfield code="a">Traje-</subfield>
    <subfield code="z">Palestina-</subfield>
    <subfield code="v">Exposiciones.</subfield>
    <subfield code="9">161350</subfield>
  </datafield>
  <datafield tag="650" ind1=" " ind2="4">
    <subfield code="a">Fotograf&#xED;a-</subfield>
    <subfield code="z">Jerusal&#xE9;n-</subfield>
    <subfield code="v">Exposiciones.</subfield>
    <subfield code="9">161351</subfield>
  </datafield>
  <datafield tag="651" ind1=" " ind2="4">
    <subfield code="a">Jerusal&#xE9;n-</subfield>
    <subfield code="v">Exposiciones.</subfield>
    <subfield code="9">161352</subfield>
  </datafield>
  <datafield tag="655" ind1=" " ind2="7">
    <subfield code="2">tgfbne</subfield>
    <subfield code="9">193628</subfield>
    <subfield code="a">Cat&#xE1;logos de exposiciones</subfield>
  </datafield>
  <datafield tag="700" ind1="1" ind2=" ">
    <subfield code="a">Mart&#xED;nez Mu&#xF1;oz, Catalina.</subfield>
    <subfield code="9">78271</subfield>
  </datafield>
  <datafield tag="710" ind1="2" ind2=" ">
    <subfield code="a">Casa &#xC1;rabe e Instituto Internacional de Estudios &#xC1;rabes y del Mundo Musulm&#xE1;n.</subfield>
    <subfield code="9">148163</subfield>
  </datafield>
  <datafield tag="852" ind1=" " ind2=" ">
    <subfield code="a">ES-MaACL</subfield>
    <subfield code="j">L-30867-68</subfield>
  </datafield>
  <datafield tag="942" ind1=" " ind2=" ">
    <subfield code="2">udc</subfield>
  </datafield>
  <datafield tag="999" ind1=" " ind2=" ">
    <subfield code="c">186523</subfield>
    <subfield code="d">186523</subfield>
  </datafield>
  <datafield tag="952" ind1=" " ind2=" ">
    <subfield code="0">0</subfield>
    <subfield code="1">0</subfield>
    <subfield code="4">0</subfield>
    <subfield code="7">0</subfield>
    <subfield code="a">ATENEOM</subfield>
    <subfield code="b">ATENEOM</subfield>
    <subfield code="c">DEPO2</subfield>
    <subfield code="d">2016-11-22</subfield>
    <subfield code="e">DON</subfield>
    <subfield code="l">0</subfield>
    <subfield code="o">L-30867-68</subfield>
    <subfield code="p">1196690</subfield>
    <subfield code="r">2023-02-23 00:00:00</subfield>
    <subfield code="w">2023-02-23</subfield>
    <subfield code="y">MONOGRAFIA</subfield>
  </datafield>
</record>
